000 00542ntaaa2200205 4500
003 01
005 20251027202747.0
008 0714s1973 ag 01
040 _aAR-BaBN
_bspa
_cAR-BaBN
_eaacr
_dRIC
082 _a793.0000 M16
100 _aMacfarlan, Allan
_927715
245 _aGames from Bible lands and times
250 _a1 ed.
260 _aNew York :
_bAssociation Press,
_cc1965
300 _a192 p
500 _aJuegos de tierras bíblicas
650 _arecreación
_918895
700 _aMacfarlan, Paulette
_927716
942 _cBK
999 _c22887
_d22887